NBA All Star MVP's - Statistics

General Stats
  • This quiz has been taken 7 times
  • The average score is 45 of 78
Answer Stats
Hint Answer % Correct
1963 Bill Russell
86%
1954 Bob Cousy
86%
2021 Giannis Antetokounmpo
86%
2023 Jayson Tatum
86%
2012 Kevin Durant
86%
2019 Kevin Durant
86%
2006 LeBron James
86%
2008 LeBron James
86%
2018 LeBron James
86%
2000 #1 Shaquille O'Neal
86%
2004 Shaquille O'Neal
86%
2009 #1 Shaquille O'Neal
86%
2022 Stephen Curry
86%
2025 Stephen Curry
86%
2000 #2 Tim Duncan
86%
1956 Bob Pettit
71%
1962 Bob Pettit
71%
2010 Dwyane Wade
71%
2002 Kobe Bryant
71%
2007 Kobe Bryant
71%
2009 #2 Kobe Bryant
71%
2011 Kobe Bryant
71%
1982 Larry Bird
71%
1990 Magic Johnson
71%
1992 Magic Johnson
71%
1988 Michael Jordan
71%
1996 Michael Jordan
71%
1998 Michael Jordan
71%
1961 Oscar Robertson
71%
1964 Oscar Robertson
71%
1969 Oscar Robertson
71%
1958 Wilt Chamberlain
71%
1960 Wilt Chamberlain
71%
2001 Allen Iverson
57%
2005 Allen Iverson
57%
2017 Anthony Davis
57%
1955 Bill Sharman
57%
1991 Charles Barkley
57%
2024 Damian Lillard
57%
1979 David Thompson
57%
1953 George Mikan
57%
1977 Julius Erving
57%
1983 Julius Erving
57%
2020 Kawhi Leonard
57%
2014 Kyrie Irving
57%
1952 Paul Arizin
57%
1967 Rick Barry
57%
1975 Walt Frazier
57%
1970 Willis Reed
57%
1966 Adran Smith
43%
2026 Anthony Edwards
43%
1974 Bob Lanier
43%
2013 Chris Paul
43%
1976 Dave Bing
43%
1978 Edward Smith
43%
1957 Elgin Baylor
43%
1959 Elgin Baylor
43%
1984 Isiah Thomas
43%
1986 Isiah Thomas
43%
1972 Jerry West
43%
1989 Karl Malone
43%
1993 #2 Karl Malone
43%
2003 Kevin Garnett
43%
1981 Nate (Tiny) Archibald
43%
2015 Russell Westbrook
43%
2016 Russell Westbrook
43%
1994 Scottie Pippen
43%
1973 David Cowens
29%
1980 George Gervin
29%
1968 Hal Greer
29%
1993 #1 John Stockton
29%
1985 Ralph Sampson
29%
1951 Charles Macauley
14%
1997 Glen Rice
14%
1971 Lenny Wilkens
14%
1995 Mitch Richmond
14%
1987 Tom Chambers
14%
1965 Jerry Lucas
0%
No matching quizzes found
Score Distribution
Percent of People with Each Score
Percentile by Number Answered
Your Score History
You have not taken this quiz